000 00689nam a2200181Ia 4500
008 151202s9999||||xx |||||||||||||| ||und||
082 _bPNVM-67181
100 _aसेवेकर सुधीर.
245 _aकॉर्पोरेट आयड्ल रतन टाटा.
260 _bसाकेत प्रकाशन औरंगाबाद.
260 _c2009
300 _a165
600 _aसेवेकर सुधीर.
630 _aकॉर्पोरेट आयड्ल रतन टाटा.
700 _aसेवेकर सुधीर.
730 _aकॉर्पोरेट आयड्ल रतन टाटा.
942 _cBOOK
999 _c1333710
_d1333707